• 首页
  • 本馆介绍
  • 公告通知
  • 最新文献
  • 馆藏检索
  • 电子资源
  • 读者导购
  • 参考咨询
  • 我的图书馆
  • 登录
  • 详细信息显示
  • 放入我的书架
  • 预约/预借图书
  • 作者相关作品
  • 分类相关作品
  • 丛书相关作品
  • 出版社相关作品

书目信息

  • 表格格式
  • 工作单格式
  • 卡片格式
题名:
临床医学检验概论
    
 
作者: 佟威威 主编
分册:  
出版信息: 长春   吉林科学技术出版社  2019.05
页数: 196页
开本: 24cm
丛书名:
单 册:
中图分类: R446.1
科图分类:
主题词: 临床医学--lin chuang yi xue--医学检验
电子资源:
ISBN: 978-7-5578-4358-8
000 00994nam0 2200241 450
001 CAL 0120192782867
005 20230217093111.0
010    @a978-7-5578-4358-8@dCNY78.00
100    @a20190617d2019 em y0chiy0120 ea
101 0  @achi
102    @aCN@b220000
105    @aak a 000yy
106    @ar
200 1  @a临床医学检验概论@Alin chuang yi xue jian yan gai lun@f主编佟威威
210    @a长春@c吉林科学技术出版社@d2019.05
215    @a196页@c图@d24cm
320    @a有书目 (第195-196页)
330    @a本书旨在强调检验医学与临床医学有机结合, 充分认识检验与临床相互沟通的重要性、目前检验的发展、针对繁多的检查项目如何进行选择、病例中的检验结果该如何解读, 以及各种标本的采集受影响因素等。但因涉及专业面广, 在此只能起到抛砖引玉的作用, 希望能让未来的准医生和目前在职医生开始重视并关注检验医学的发展沟通。
606 0  @a临床医学@Alin chuang yi xue@x医学检验
690    @aR446.1@v5
701  0 @a佟威威@Atong wei wei@4主编
801  0 @aCN@bBJXHZP@c20230228
905    @b1395884-7@dR446.1@e155@f4
    
    临床医学检验概论/主编佟威威.-长春:吉林科学技术出版社,2019.05
    196页:图;24cm
    
    
    ISBN 978-7-5578-4358-8:CNY78.00
    本书旨在强调检验医学与临床医学有机结合, 充分认识检验与临床相互沟通的重要性、目前检验的发展、针对繁多的检查项目如何进行选择、病例中的检验结果该如何解读, 以及各种标本的采集受影响因素等。但因涉及专业面广, 在此只能起到抛砖引玉的作用, 希望能让未来的准医生和目前在职医生开始重视并关注检验医学的发展沟通。
●
相关链接 在E读中查询图书 在五车中查询图书 在当当中查询图书 在豆瓣中查询图书


正题名:临床医学检验概论     索取号:R446.1/155         预约/预借

序号 登录号 条形码 馆藏地/架位号 状态 备注
1 1395884   213958840   第二样本阅览室/ [索取号:R446.1/155] 在馆    
2 1395885   213958859   第三借阅区/ [索取号:R446.1/155] 在馆    
3 1395886   213958868   第三借阅区/ [索取号:R446.1/155] 在馆    
4 1395887   213958877   第三借阅区/ [索取号:R446.1/155] 在馆    
唐山师范学院图书馆 欢迎您!
大连网信软件有限公司© 版权所有